| 000 | 00625cam a22002174a 4500 | ||
|---|---|---|---|
| 005 | 20250605164118.0 | ||
| 008 | 250528s ||||||||||||||||||||||||d | ||
| 035 | _a18174 | ||
| 020 | _a830617531 | ||
| 040 |
_aGR-AtMCL _bgre _dGR-AtMCL _eAACR2 |
||
| 245 | 1 | _aFrom Basic to Fortran | |
| 250 | _a1st | ||
| 260 | _c1984 | ||
| 300 | _a138 | ||
| 520 | _aIntroduction, Preliminaries, The Tutorial: From Basic to Fortran, An Introduction to Input and Output, Selected Topics, Bibliography, Index. | ||
| 700 | 1 |
_aBruey J. Alfred _94459 |
|
| 700 | 1 |
_aTab Books _92446 |
|
| 942 | _cBK | ||
| 999 |
_c3554 _d3554 |
||